Una mirada múltiple : teatro, literatura, danza, música y fotografía.
Guardado en:
| Format: | Ukendt |
|---|---|
| Sprog: | Spanish |
| Udgivet: |
Ciudad de Guatemala, Guatemala :
Universidad Rafael Landívar,
c2006.
|
| Serier: | (Abrapalabra ;
39) |
| Fag: | |
| Tags: |
Tilføj Tag
Ingen Tags, Vær først til at tagge denne postø!
|
MARC
| LEADER | 000000000a22000000004500 | ||
|---|---|---|---|
| 001 | 005260 | ||
| 041 | 0 | |a spa | |
| 082 | 0 | 4 | |a 800 |b M671m |
| 245 | 0 | 4 | |a Una mirada múltiple : |b teatro, literatura, danza, música y fotografía. |
| 260 | 1 | |a Ciudad de Guatemala, Guatemala : |b Universidad Rafael Landívar, |c c2006. | |
| 300 | |a 156 páginas : |b ilustraciones a color | ||
| 490 | 1 | |a (Abrapalabra ; |v 39) | |
| 500 | |a Otro título: En la cubierta: Abordajes diversos: teatro, literatura, danza, fotografía | ||
| 505 | |a Contenido: Panorama del teatro guatemalteco de los noventa / Lucrecia Méndez de Penedo -- Nuevas vías de la literatura : textos en la red / Matías Barchino -- La música de Guatemala ante la globalización / Dieter Lehnhoff -- D. Lehnfoff, Hai-kai: aproximación al análisis documental / Tamara Sklioutovskaya -- Reseña de un estreno: concierto para piano y orquesta de Dieter Lehnhoff / Gerardo E. Meza Sandoval -- Semblanza del Coro Nacional de Guatemala / Dieter Lehnhoff --Danza con Husserl / Sabarina Castillo y Oswaldo Salazar De León -- Fotografía contemporánea desde Centroamérica / Miguel Flores Castellanos | ||
| 650 | 4 | |a LITERATURA GUATEMALTECA | |
| 999 | |c 11005 |d 11005 | ||
| 942 | |c BK |h 800 M671m |2 z | ||
